[Event "HUN-chT 2019-20"]
[Site "Budapest"]
[Date "2019.11.17"]
[Round "2.23"]
[White "Karacsonyi, Gellert"]
[Black "Vegh, Endre"]
[Result "1/2-1/2"]
[WhiteElo "2302"]
[BlackElo "2232"]
[Annotator "TA"]
[PlyCount "202"]
[EventDate "2019.11.16"]
[EventType "team-tourn"]
[EventCountry "HUN"]
[SourceTitle "playchess.com"]
[Source "ChessBase"]
[SourceQuality "1"]

{[%evp 23,202,0,14,0,4,0,0,0,0,-50,-51,-59,-55,-58,-39,-33,-32,-80,-40,-75,-69,-75,-72,-71,-66,-76,-35,-32,-27,-53,16,-47,-54,-43,-39,-35,-33,-114,-60,-89,0,0,29,-13,-28,-167,-167,-167,-72,-137,0,-1493,-1311,-1703,-1616,-1402,0,-589,-597,-600,-591,-597,-566,-552,-551,-711,-706,-659,-600,-598,-577,-498,-368,-368,-368,-344,-306,-302,-308,-322,-315,-314,-295,-293,-283,-270,-270,-563,-564,-554,-555,-524,-568,-529,-268,-427,-254,-247,-247,-247,-240,-517,-513,-486,-469,-606,-251,-414,-407,-403,-514,-464,-464,-29968,-29970,-29970,-29958,-29976,-29977,-29976,-29973,-29980,-29963,-29960,-29953,-29949,-12308,-5528,-1921,-4798,-1313,-4606,-195,-29970,-136,-136,0,-136,0,-136,-22,-136,-22,-136,-18,-136,-100,-136,-14,-26,-26,-100,-100,-136,-136,-136,-136,-136,-136,-136,-136,-136,-136,-136,-44,-136,-136,-136,-136,-136,-136,-136,-136,-136,-136,-136,-143,-143,0,0,0]} 1. e4 c5 2. Nf3 d6 3. d4 cxd4 4. Nxd4 Nf6 5. Nc3 a6 6. Bc4 e6 7. O-O b5 8. Bb3 Be7 9. Qf3 Qc7 10. Qg3 O-O 11. Bh6 Ne8 12. Rad1 Bd7 13. Rfe1 {B87: Sicilian Scheveningen/Najdorf: 6 Bc4, with early ...b5} (13. Nce2 Kh8 14. Bg5 Bxg5 15. Qxg5 Nf6 16. Ng3 Qc5 17. Qd2 Rd8 18. Nf3 a5 19. a3 Ne8 20. Ng5 Kg8 {1-0 (34) Kasimdzhanov,R (2704)-Karjakin,S (2762) Berlin 2015}) 13... Nc6 {[%cal Bb8c6,Bc6e5,Be5f3][%mdl 32]} 14. Nf3 Rd8 15. Ne2 $146 ({Predecessor:} 15. Rd3 Bc8 16. Red1 Kh8 17. Bg5 Nf6 18. Qh4 Kg8 19. Re1 Rfe8 20. Ne2 Bb7 {½-½ (52) Plachetka,J (2379)-Soural,J (2194) Tatranske Zruby 2009}) 15... Ne5 16. Nf4 Kh8 17. Bg5 Nxf3+ $1 18. gxf3 Bxg5 19. Qxg5 Nf6 20. Kh1 h6 21. Qg3 {White wants to play Rxd6!} a5 22. Rg1 {[%csl Gg1][%cal Rg3g7]} Rg8 $1 23. c3 a4 24. Bc2 a3 (24... e5 $5 {[%cal Re5f4]} 25. Ne2 b4 $1 $15 {[%mdl 512]}) 25. bxa3 Qxc3 26. Bb3 $1 Qc5 {[#]} (26... Bc8 $15) 27. Nd3 (27. Rxd6 $1 $11 {[%mdl 512]} e5 (27... Qxd6 28. Ng6+) 28. Rgd1) 27... Qxa3 $15 28. e5 dxe5 29. Nxe5 Qe7 30. Rd4 (30. Rc1 $15) 30... Be8 (30... Rc8 $17 31. Rh4 Be8) 31. Rh4 {With the idea Qg5.} Rd2 (31... Rc8 $17) 32. Qf4 $11 Qd8 33. a4 {Black should prevent axb5.} Rb2 $36 {[%mdl 2048] Black is more active.} 34. Bd1 (34. Ng4 $11 Nxg4 35. Rhxg4) 34... Rb1 $1 $19 {[%cal Rb1d1]} ({Weaker is} 34... Rxf2 35. axb5 Rb2 36. Ba4 $11) 35. Bc2 Rxg1+ 36. Kxg1 Nd5 (36... g5 $1 $17 {[%cal Rg5f4]} 37. Rxh6+ Kg7 38. Qxg5+ Kf8 39. Ng6+ fxg6 40. axb5 Qe7) 37. Qxf7 $2 {[%mdl 8192]} (37. Ng6+ $11 Kh7 38. Nf8+ {[%mdl 64] Discovered Attack (Double check)} Kh8 39. Ng6+ $1 {[%mdl 512]} Kh7 40. Nf8+ {[%mdl 64] Discovered Attack (Double check)} Kh8 41. Ng6+ $1 {[%mdl 512]}) 37... Qg5+ {[%mdl 64] Double Attack} 38. Kh1 Qc1+ {[%mdl 64] Double Attack} 39. Kg2 {[#]} Qg5+ $2 (39... Ne3+ $1 $19 {[%mdl 512]} 40. fxe3 Qxc2+ {[%mdl 64] Double Attack} 41. Kh3 Bxf7 42. Nxf7+ Kh7 43. Ng5+ Kg6 $1 {[%mdl 512]}) 40. Kh3 $2 {[%mdl 8192] [#]} (40. Kh1 $1 $11) 40... Qxh4+ $1 {[%mdl 576] Clearance} 41. Kxh4 {Threatening mate with Ng6+.} g5+ 42. Kg3 {[%csl Gc2][%cal Rf7h7]} Bxf7 43. Nxf7+ {[%mdl 4096] Endgame KRN-KBN} Kg7 {White must now prevent ...bxa4.} 44. Ne5 Rc8 45. Bb3 bxa4 46. Bxa4 Nf4 47. h4 Rc1 48. hxg5 hxg5 49. Ng4 Rh1 {[%csl Gf4][%cal Rh1h3]} 50. Ne3 Kf6 51. Ng4+ Ke7 {[%csl Gf4][%cal Rh1h3]} 52. Ne3 Kd6 53. Bc2 Kc5 54. Be4 Kd4 55. Nc2+ $2 (55. Bc6) 55... Kc3 56. Ne3 Kd2 57. Bb7 Rg1+ 58. Kh2 Rc1 59. Kg3 (59. Ba6 {was the only chance.}) 59... Ke1 (59... Ra1 $142 60. Bc6 Rg1+ 61. Kh2 Rb1) 60. Ba6 Rc5 61. Bc4 Nd5 {aiming for ...Nxe3.} 62. Ng2+ $2 (62. Ba6 {was the only defense.}) 62... Kd2 63. Ba6 Nb4 64. Bb7 Nd3 (64... Rc7 $142 65. Be4 Nd5) 65. Ne3 $2 (65. Ba6) 65... Rc1 66. Ba6 Rg1+ 67. Kh2 Ra1 68. Bxd3 (68. Bb5 $19 Nxf2 69. Nc4+ Kc3 70. Nd6) 68... Kxd3 {KR-KN} 69. Kg2 Ke2 70. Nc2 Ra4 71. Ne3 Rf4 72. Nf1 e5 73. Ng3+ Ke1 74. Nh5 Rf8 75. Ng3 Kd2 76. Ne4+ Kd3 77. Kg3 {[#]} Ke2 $2 (77... g4 $1 78. Nc5+ (78. fxg4 Kxe4) 78... Kc4 $1 {[%mdl 512]}) 78. Nxg5 $2 (78. Nc3+ $19 Kd2 79. Nd5) 78... Rf4 $2 (78... Rf6 {mates} 79. Kh4 Rf4+ 80. Kh5 Kxf2 81. Ne6 Rxf3 82. Kg4 e4 83. Nc5 Ke3 84. Ne6 Rf6 85. Nc5 Kd4 86. Nb3+ Kc3 87. Nc5 e3 88. Ne4+ Kd4 89. Nxf6 e2 90. Kg5 e1=Q 91. Ng4 Qc1+ 92. Kg6 Qc2+ 93. Kg5 Ke4 94. Nf6+ Kf3 95. Ne8 Qc5+ 96. Kg6 Qc6+ 97. Kf7 Qd7+ 98. Kf8 Kf4 99. Nf6 Qa7 100. Ke8 Kf5 101. Nh5 Qh7 102. Nf4 Kxf4 103. Kd8 Qb7 104. Ke8 Kf5 105. Kd8 Kf6 106. Ke8 Qe7#) 79. Kg2 $17 Rf8 (79... Rf6 $17 80. Ne4 Rg6+ 81. Ng3+ Kd3) 80. Ne4 (80. Kg3 $1 $11 Rf6 81. Kg4 Rf4+ 82. Kg3) 80... Rf4 81. Ng5 $1 Kd3 ({Black should try} 81... Rf6 $17 {( -> ...Rg6!)} 82. Ne4 Rf8 83. Ng3+ Ke1) 82. Ne4 {[#]} (82. Kg3 $11) 82... Kd4 (82... Rf7 $1 $17 {Threatens to win with ...Rg7+.} 83. Nc5+ Kd4) 83. Ng5 (83. Kg3 $11) 83... Kd5 (83... Rf5 $17 84. Nh3 Rf7) 84. Ne4 (84. Kg3 $1 $11 {was the only way to keep the balance.}) 84... Ke6 85. Ng3 Kf7 ({Black should play} 85... Rf7 $17 86. Ne4 Kd5) 86. Ne2 $1 $11 {[%cal Re2f4]} Rc4 {[#] Hoping for ...Ke6.} 87. Ng3 (87. f4 $1 $11 {[%mdl 512] remains equal.}) 87... Kg6 88. Ne4 Rc6 89. Ng3 Kg5 90. Ne2 Rg6 91. Kh3 Kf5 92. Kh2 Rg8 93. Kh3 Ke6 (93... Rg7 $17 {And now ...Rg8 would win.} 94. Ng3+ Kg5) 94. Ng3 (94. f4 $15) 94... Kf6 95. Ne2 Kf5 96. Kh2 Ra8 97. Kg2 Ra2 98. Ng3+ Kf4 99. Nh5+ Kg5 100. Ng3 Kf4 (100... Rb2 $17 {Strongly threatening ...Ra2.} 101. Ne4+ Kf4) 101. Nh5+ $1 Kg5 {Accuracy: White = 37%, Black = 54%.} 1/2-1/2

[Event "HUN-chT 2019-20"]
[Site "Budapest"]
[Date "2019.11.17"]
[Round "2.24"]
[White "Berczes, Csaba"]
[Black "Fodor, Istvan"]
[Result "1/2-1/2"]
[WhiteElo "2342"]
[BlackElo "2328"]
[Annotator "TA"]
[PlyCount "36"]
[EventDate "2019.11.16"]
[EventType "team-tourn"]
[EventCountry "HUN"]
[SourceTitle "playchess.com"]
[Source "ChessBase"]
[SourceQuality "1"]

{[%evp 16,36,20,0,0,0,0,0,0,-19,-8,-8,-20,-16,0,-6,0,-16,0,0,0,-27,0]} 1. Nf3 Nf6 $146 ({Predecessor:} 1... d5 2. g3 g6 3. Bg2 Bg7 4. d4 c6 5. O-O {½-½ (16) Carlsen,M (2870)-Anand,V (2775) Chennai 2013}) 2. g3 g6 3. Bg2 Bg7 4. O-O d5 5. d4 c6 6. b3 O-O 7. Bb2 Bf5 8. c4 Nbd7 {[%cal Bb8d7,Bd7b6,Bb6c4][%mdl 32]} 9. Nc3 dxc4 {D78: Fianchetto Grünfeld: 6 0-0 c6} 10. bxc4 Nb6 11. c5 Nc4 {The position is equal.} 12. Bc1 Nd5 13. Qb3 Na5 14. Qa3 Nc4 15. Qb3 Na5 16. Qa3 Nc4 17. Qb3 Na5 18. Qa3 Nc4 1/2-1/2

[Event "HUN-chT 2019-20"]
[Site "Budapest"]
[Date "2019.11.17"]
[Round "2.25"]
[White "Fressinet, Laurent"]
[Black "Kuzubov, Yuriy"]
[Result "1/2-1/2"]
[WhiteElo "2633"]
[BlackElo "2652"]
[Annotator "TA"]
[PlyCount "61"]
[EventDate "2019.11.16"]
[EventType "team-tourn"]
[EventCountry "HUN"]
[SourceTitle "playchess.com"]
[Source "ChessBase"]
[SourceQuality "1"]

{[%evp 19,61,12,11,9,23,19,10,0,19,21,11,0,0,0,0,0,0,0,13,0,23,0,0,0,0,0,0,0,0,0,0,0,0,0,0,0,0,0,0,0,0,0,0,0]} 1. d4 Nf6 2. Nf3 d5 3. c4 e6 4. Nc3 Nbd7 5. cxd5 exd5 6. Bg5 c6 7. Qc2 Be7 8. e3 Nh5 9. Bxe7 Qxe7 10. O-O-O Nb6 11. Bd3 {D36: Queen's Gambit Declined: Exchange Variation: Main line (5 Bg5 c6 6 Qc2)} Bg4 12. Kb1 (12. Rdg1 Bxf3 13. gxf3 g6 14. f4 O-O-O 15. h4 Kb8 16. Ne2 Rc8 17. Kb1 Nd7 18. Ng3 Nxg3 19. Rxg3 c5 20. Qc3 Nf6 21. Rd1 Ne4 22. Bxe4 Qxe4+ 23. Qd3 cxd4 24. Qxe4 dxe4 25. Rxd4 {½-½ (25) Wang,Y (2690)-Kuzubov,Y (2699) Riadh 2017}) 12... g6 13. Rc1 Bxf3 14. gxf3 Qh4 15. f4 O-O $146 ({Predecessor:} 15... Nf6 16. Rhg1 O-O-O 17. a4 Kb8 18. a5 Nc4 19. Bxc4 dxc4 {½-½ (74) Peralta,F (2546)-Narciso Dublan,M (2467) Badalona 2006}) 16. f5 Kh8 17. Rhg1 Rg8 18. Qe2 Nf6 19. Qf3 Rae8 20. Ka1 Nc8 {The position is equal.} 21. Rg3 Nd6 22. Rh3 Qg5 {[%cal Rd6f5]} 23. Rg3 Qh4 24. Rh3 Qg5 {[%cal Rd6f5]} 25. Rg3 Qh4 26. Rh3 Qg5 {[%cal Rd6f5]} 27. Rg3 Qh4 28. Rh3 Qg5 {[%cal Rd6f5]} 29. Rg3 Qh4 30. Rh3 Qg5 {[%cal Rd6f5]} 31. Rg3 {Accuracy: White = 67%, Black = 76%.} 1/2-1/2

[Event "HUN-chT 2019-20"]
[Site "Budapest"]
[Date "2019.11.17"]
[Round "2.26"]
[White "Kravtsiv, Martyn"]
[Black "Sulypa, Oleksandr"]
[Result "1/2-1/2"]
[WhiteElo "2635"]
[BlackElo "2466"]
[Annotator "TA"]
[PlyCount "61"]
[EventDate "2019.11.16"]
[EventType "team-tourn"]
[EventCountry "HUN"]
[SourceTitle "playchess.com"]
[Source "ChessBase"]
[SourceQuality "1"]

{[%evp 17,61,29,50,42,74,68,68,70,79,75,69,66,64,69,58,65,62,36,120,135,212,232,354,227,216,90,85,0,95,-21,0,-9,-9,-17,0,-6,0,0,0,0,0,0,0,0,0,-14]} 1. e4 c5 2. Nf3 e6 3. d4 cxd4 4. Nxd4 Nc6 5. Nc3 Qc7 6. Be2 Nf6 7. Be3 Be7 8. f4 d6 9. Qd2 O-O 10. Ndb5 {B83: Sicilian Scheveningen: 6 Be2, lines without ...a6} (10. O-O-O a6 11. g4 d5 12. exd5 Nxd5 13. Nxd5 exd5 14. Kb1 Bd7 15. h4 Rfe8 16. Bf3 Rad8 17. h5 Na5 18. b3 Ba3 {½-½ (46) Areshchenko,A (2678)-Oleksienko,M (2615) Rivne 2016}) 10... Qb8 11. O-O-O {[%cal Rb5d6]} Rd8 12. g4 {White is slightly better.} d5 13. e5 Nd7 14. g5 $146 ({Predecessor:} 14. Bf3 a6 15. Nd4 Nxd4 16. Bxd4 {1-0 (32) Fernandes,C (1689)-Oliveira,M (1970) Porto 2014}) 14... a6 15. Nd4 Nxd4 16. Bxd4 b5 17. Qe3 Bb7 (17... Qc7 $14) 18. Bd3 $16 b4 (18... Qc7 $16 {is a better defense.}) 19. Na4 $1 $18 Bc6 (19... Nf8 $142 20. Nb6 a5 21. Nxa8 Qxa8) 20. Nb6 Nxb6 {[#]} 21. Bxb6 (21. Bxh7+ $1 $18 {[%mdl 512]} Kxh7 22. Qh3+ Kg8 23. g6) 21... Rc8 22. Bd4 (22. f5 $1 $16) 22... Bb5 {[#]} (22... Qc7 $11) 23. Kb1 (23. Bxh7+ $1 $16 {[%mdl 512]} Kxh7 {[#]} 24. g6+ $1 {[%mdl 512]} fxg6 25. Qh3+ {[%mdl 64] Double Attack} Bh4 26. Qxh4+ Kg8 27. Qg4) 23... Qc7 {The position is equal.} 24. h4 Bc5 25. Rh2 (25. Rc1 {is interesting.} Qb6 26. Bxc5 Qxc5 27. Qxc5 Rxc5 28. h5) 25... Qb6 (25... Bxd4 {seems wilder.} 26. Qxd4 Bxd3 27. Rxd3 a5 28. h5 Ra6) 26. Bxc5 Qxc5 27. Qxc5 Rxc5 28. Bxb5 Rxb5 29. b3 Rc8 30. Kb2 Rc3 31. Rd4 {Accuracy: White = 56%, Black = 46%.} 1/2-1/2

[Event "HUN-chT 2019-20"]
[Site "Budapest"]
[Date "2019.11.17"]
[Round "2.27"]
[White "Kallai, Gabor"]
[Black "Antal, Gergely"]
[Result "0-1"]
[WhiteElo "2459"]
[BlackElo "2562"]
[Annotator "TA"]
[PlyCount "84"]
[EventDate "2019.11.16"]
[EventType "team-tourn"]
[EventCountry "HUN"]
[SourceTitle "playchess.com"]
[Source "ChessBase"]
[SourceQuality "1"]

{[%evp 13,84,27,38,14,2,13,11,0,4,8,39,23,31,11,22,14,14,0,51,-8,-8,-8,-8,-12,-10,-19,-13,-16,-12,-14,-20,-28,-27,-35,-27,-66,-49,-55,-50,-50,-34,-37,-37,-87,-80,-87,-83,-67,-43,-49,-29,-71,-48,-57,-35,-55,-28,-26,-29,-101,-101,-165,-134,-220,-99,-112,-102,-226,-158,-165,-173,-163,-158]} 1. c4 e5 2. g3 Nf6 3. Bg2 c6 4. d4 Bb4+ 5. Bd2 Bxd2+ 6. Qxd2 d6 7. Nc3 O-O 8. dxe5 {A20: English Opening: 1...e5} (8. Rd1 $5 {[%cal Rd4e5]}) 8... dxe5 9. Qxd8 Rxd8 10. Nf3 {The position is equal.} Re8 11. O-O Na6 12. Rfd1 Bf5 13. h3 h6 14. g4 Bh7 {[#]} 15. Nd2 $146 ({Predecessor:} 15. Ne1 Nc5 {1-0 (52) Akopian,V (2630)-Gelfand,B (2665) Cap d'Agde 1996}) 15... Rad8 ({Black should play} 15... Bc2 $11 16. Rdc1 Bg6) 16. Nf1 ({White should try} 16. Nb3 $14) 16... Rd4 17. b3 Nc5 18. e3 Rxd1 19. Rxd1 a5 20. Ng3 Kf8 21. Kf1 g5 22. Ke2 Bg6 23. f3 h5 24. Nh1 e4 25. Nf2 exf3+ 26. Bxf3 hxg4 27. hxg4 Ke7 28. Rh1 Rd8 29. Rd1 Rh8 30. Rh1 Rg8 31. Rd1 Rc8 32. Rh1 Re8 33. Rd1 Kf8 34. Rh1 Kg8 35. Rd1 Kg7 36. Rh1 (36. Rd4 $11 {keeps the balance.}) 36... Nfd7 $17 37. Bg2 (37. Rd1 $17 {keeps fighting.}) 37... Ne5 $19 38. Rd1 {[#]} (38. Rg1 $17 {might work better.}) 38... f6 (38... a4 $1 $19 {[%mdl 512] is more deadly.} 39. Nxa4 (39. bxa4 Nxc4) 39... Nxa4 40. bxa4 Nxc4) 39. Rd4 $17 Rh8 40. Be4 (40. Kf1 $17 {is a better defense.}) 40... Bxe4 {Black is clearly better.} 41. Ncxe4 Nxe4 42. Nxe4 Rh2+ {Accuracy: White = 38%, Black = 55%.} 0-1

[Event "HUN-chT 2019-20"]
[Site "Budapest"]
[Date "2019.11.17"]
[Round "2.28"]
[White "Korpa, Bence"]
[Black "Blohberger, Felix"]
[Result "*"]
[WhiteElo "2546"]
[BlackElo "2434"]
[Annotator "RC"]
[PlyCount "35"]
[EventDate "2019.11.16"]
[EventType "team-tourn"]
[EventCountry "HUN"]
[SourceTitle "playchess.com"]
[Source "ChessBase"]
[SourceQuality "1"]

1. Nf3 d5 2. g3 Bg4 3. Bg2 e6 4. O-O Nf6 5. h3 Bh5 6. d4 Nbd7 7. c4 c6 8. cxd5 exd5 9. Qb3 Qb6 10. Qe3+ Be7 11. Nh4 Bg6 12. Nxg6 hxg6 13. Nc3 Nf8 14. Qd3 Ne6 15. Rd1 O-O 16. Rb1 a5 17. h4 Rfe8 18. Bf3 *

[Event "HUN-chT 2019-20"]
[Site "Budapest"]
[Date "2019.11.17"]
[Round "2.28"]
[White "Kozak, Adam"]
[Black "Blohberger, Felix"]
[Result "1/2-1/2"]
[WhiteElo "2524"]
[BlackElo "2434"]
[Annotator "TA"]
[PlyCount "124"]
[EventDate "2019.11.16"]
[EventType "team-tourn"]
[EventCountry "HUN"]
[SourceTitle "playchess.com"]
[Source "ChessBase"]
[SourceQuality "1"]

{[%evp 9,124,17,17,17,17,17,17,14,21,18,13,13,15,10,10,10,11,14,20,10,5,6,7,5,6,11,8,0,16,0,15,0,0,-1,22,0,25,9,15,10,50,58,75,79,100,84,112,112,102,108,117,102,129,129,183,90,123,0,145,127,129,137,113,138,139,135,141,0,120,111,157,125,122,0,157,157,173,141,133,111,104,101,91,86,86,116,120,81,87,35,27,19,51,51,52,37,50,0,14,13,22,17,18,19,24,2,33,13,12,0,0,0,7,0,0,0,0]} 1. Nf3 d5 2. g3 Bg4 3. Bg2 e6 (3... c6 4. c4 e6 5. cxd5 Bxf3 6. Bxf3 cxd5 7. O-O Nc6 8. Nc3 Nf6 9. d4 Be7 10. e3 O-O 11. Bd2 Qd7 12. Qe2 Rfc8 13. Rfd1 Bf8 14. Rac1 a6 15. Qd3 Ne7 16. b3 Nc6 17. Na4 {½-½ (46) Artemiev,V (2754)-Motylev,A (2650) Sochi 2019}) 4. O-O Nf6 5. h3 Bh5 6. d4 {A07: Réti Opening: New York and Capablanca Systems} Nbd7 7. c4 c6 8. cxd5 exd5 9. Qb3 Qb6 10. Qe3+ Be7 11. Nh4 Bg6 12. Nxg6 hxg6 13. Nc3 Nf8 14. Qd3 $146 ({Predecessor:} 14. Na4 Qc7 {½-½ (43) Tate,A (2306)-Blohberger,F (2459) Skopje 2019}) 14... Ne6 15. Rd1 O-O 16. Rb1 a5 17. h4 Rfe8 18. Bf3 Qa6 19. Qc2 a4 20. Be3 b5 {And now ...b4 would win.} 21. a3 Rac8 22. Kg2 Red8 23. Qd3 Qa5 24. Rbc1 b4 25. axb4 Bxb4 26. Ra1 Bxc3 27. bxc3 Ra8 28. Ra3 Ra7 29. Rda1 Rda8 30. Qc2 Qa6 {[#]} 31. c4 $1 {[%mdl 512]} Kh8 (31... Qa5 $16) (31... Qxc4 32. Qxc4) 32. Qc3 ({Don't take} 32. Rxa4 $6 Qxa4 33. Rxa4 Rxa4 $14) (32. g4 $18) 32... Qb6 33. Qc2 (33. g4 $16) 33... Nxd4 (33... Qa6 $1 $11) 34. Qd1 c5 35. Bxd4 $1 ({Reject} 35. cxd5 $6 Nxf3 36. exf3 Qd6 $11) 35... cxd4 36. cxd5 Qb4 37. Rd3 Qd6 38. Rda3 Qb4 $1 39. Qb1 Rb8 40. Qc2 {[%cal Ra3a4]} Rba8 41. Qb1 Rb8 $1 {[#]} 42. Qa2 $1 Rba8 43. Rb1 Qc5 44. Rd1 Ne8 45. d6 {Hoping for d7.} Rd8 46. Rxa4 Rxa4 47. Qxa4 {Black must now prevent d7.} Qxd6 48. Qa5 Kg8 49. h5 (49. Rb1 $16) 49... gxh5 $1 $14 50. Qxh5 Qf6 51. Rh1 {[%csl Gh1][%cal Rh5h8]} g6 52. Qh7+ Kf8 53. Rc1 Qg7 54. Qh4 Qf6 $1 55. Qh6+ Qg7 56. Qg5 Qf6 57. Qa5 Kg7 58. Rc6 (58. Rb1 {is more complex.} Nd6 59. Qc5 Rc8 60. Qd5 Nf5 61. Rb7) 58... Qe7 $1 {The position is equal.} 59. Qc5 Qxc5 60. Rxc5 Nf6 61. Kf1 d3 {...d2 is the strong threat.} 62. exd3 Rxd3 {Accuracy: White = 45%, Black = 60%.} 1/2-1/2

[Event "HUN-chT 2019-20"]
[Site "Budapest"]
[Date "2019.11.17"]
[Round "2.29"]
[White "Feher, Adam"]
[Black "Korpa, Bence"]
[Result "1/2-1/2"]
[WhiteElo "2367"]
[BlackElo "2546"]
[Annotator "RC"]
[PlyCount "83"]
[EventDate "2019.11.16"]
[EventType "team-tourn"]
[EventCountry "HUN"]
[SourceTitle "playchess.com"]
[Source "ChessBase"]
[SourceQuality "1"]

1. e4 c6 2. d4 d5 3. Nc3 dxe4 4. Nxe4 Nf6 5. Nxf6+ exf6 6. c3 Bf5 7. Nf3 Nd7 8. Bf4 Nb6 9. Bd3 Bxd3 10. Qxd3 Nd5 11. Bd2 Bd6 12. O-O O-O 13. c4 Ne7 14. Rfe1 Qd7 15. Re2 Ng6 16. Rae1 b5 17. b3 bxc4 18. bxc4 Rab8 19. Qc2 Rb7 20. Qa4 h6 21. g3 f5 22. Kg2 h5 23. Qc2 f4 24. Qe4 fxg3 25. hxg3 Qc8 26. Ng5 Re7 27. Qf3 Qg4 28. Qxg4 hxg4 29. Ne4 Rfe8 30. Re3 Rd8 31. Nxd6 Rxe3 32. Rxe3 Rxd6 33. Re8+ Kh7 34. Be3 Rd7 35. Re4 Rb7 36. Rxg4 f5 37. Rg5 Ne7 38. Rh5+ Kg6 39. Rh8 Rb4 40. d5 cxd5 41. cxd5 Nxd5 42. Bxa7 1/2-1/2

[Event "HUN-chT 2019-20"]
[Site "Budapest"]
[Date "2019.11.17"]
[Round "2.30"]
[White "Szabo, Gergely-Andras-Gyula"]
[Black "Juhasz, Kristof"]
[Result "0-1"]
[WhiteElo "2534"]
[BlackElo "2449"]
[Annotator "TA"]
[PlyCount "68"]
[EventDate "2019.11.16"]
[EventType "team-tourn"]
[EventCountry "HUN"]
[SourceTitle "playchess.com"]
[Source "ChessBase"]
[SourceQuality "1"]

{[%evp 13,68,14,27,21,34,23,36,-33,-34,-54,-28,-61,-70,-81,-63,-77,-60,-66,-64,-59,-54,-50,-73,-117,-110,-116,-96,-109,-108,-99,-107,-120,-107,-108,-81,-185,-190,-179,-185,-229,-177,-285,-283,-397,-373,-681,-669,-711,-516,-594,-293,-691,-277,-1568,-1530,-1492,-1456]} 1. e4 c6 2. d4 d5 3. e5 Bf5 4. Nf3 e6 5. Be2 Ne7 6. O-O c5 7. c4 Nbc6 {[%cal Bb8c6,Bc6e5,Be5d7][%mdl 32]} 8. dxc5 {B12: Caro-Kann: Advance Variation} d4 {Hoping for ...d3.} (8... dxc4 9. Bxc4 Ng6 10. Be3 Be7 11. Nc3 O-O 12. Be2 Qb8 13. Nd2 Rd8 14. f4 Nb4 15. Rc1 b6 {1-0 (42) Harikrishna,P (2729)-Mamedyarov,S (2817) Kolkata 2018}) 9. Qb3 Ng6 10. Rd1 ({White should play} 10. Qxb7 $14 Qc8 11. Qxc8+ Rxc8 12. a3) 10... Bxc5 $15 11. Qxb7 $146 ({Predecessor:} 11. Be3 O-O 12. Qb5 Qc7 13. Qxc5 dxe3 {½-½ (13) Burg,T (2508)-Iordachescu,V (2593) Erice 2014}) 11... Ngxe5 12. Nxe5 Nxe5 13. Qb5+ Nd7 14. Bf4 a6 15. Qa4 $1 O-O 16. Bf3 Ra7 17. b4 Be7 18. Nd2 e5 19. Bg3 Qb8 $36 {[%mdl 2048] Black is really pushing.} 20. a3 {[#]} a5 $1 {[%mdl 512]} 21. bxa5 Qd8 22. Qb3 Rxa5 {Strongly threatening ...Nc5.} 23. Bd5 Kh8 24. Qf3 (24. Re1 $17 {keeps fighting.}) 24... Bc2 $19 {...f5 is the strong threat.} 25. Re1 f6 26. Nb3 Ra4 27. Nd2 (27. Be4 {was called for.} Bxe4 28. Qxe4) 27... Qa5 28. Bc6 (28. Nb3 {might work better.} Qa7 29. Rac1) 28... Qxd2 29. Bxd7 $2 {[#]} (29. Re2 Qa5 30. Rxc2 Rxa3 31. Qxa3 Bxa3 32. Bxd7) 29... Rxa3 $1 {[%mdl 512]} 30. Qd5 (30. Rxa3 Qxe1#) 30... Qb4 31. f3 Qc5 (31... d3 $142 {Threatens to win with ...d2.} 32. Bf5 Rd8) 32. Qe6 $2 (32. Qxc5 Bxc5 33. Rxa3 d3+ 34. Kf1 Bxa3 35. Bf5) 32... Qd6 (32... Rxa1 $142 33. Rxa1 d3+ 34. Bf2 Qb4) 33. Qh3 $2 (33. Qxd6 Bxd6 34. Bf2) 33... Rxa1 34. Rxa1 d3 {Accuracy: White = 29%, Black = 66%.} 0-1